|
|
|
|
| LEADER |
00948nam a2200229 a 4500 |
| 001 |
GR-MES8508 |
| 003 |
GR-PaULI |
| 005 |
20220926082826.0 |
| 008 |
020627s1978 gr 000 j gre d |
| 952 |
|
|
|0 0
|1 0
|2 ddc
|4 0
|6 889_334000000000000_ΑΜΠ
|7 0
|9 364590
|a LISP
|b LISP
|c DON
|d 2022-09-26
|e ΠΑΤ
|i 148149
|l 0
|o 889.334 ΑΜΠ
|p 025000274206
|r 2022-09-26 00:00:00
|t 1
|w 2022-09-26
|y BKN
|
| 999 |
|
|
|c 213109
|d 213109
|
| 040 |
|
|
|a GR-PaULI
|b gre
|c GR-PaULI
|e AACR2
|
| 082 |
0 |
4 |
|2 23
|a 889.334
|
| 100 |
1 |
|
|9 143480
|a Αμπατζόγλου, Πέτρος,
|d 1931-
|e συγγραφέας.
|
| 245 |
1 |
0 |
|a Ισορροπία τρόμου /
|b
|c Πέτρος Αμπατζόγλου.
|
| 250 |
|
|
|a 2η έκδ.
|
| 260 |
|
|
|a Αθήνα :
|b Εγνατία,
|c 1978.
|
| 300 |
|
|
|a 148 σ. ;
|c 16 εκ.
|
| 490 |
1 |
|
|a Τραμ - Λογοτεχνία (Εγνατία)
|
| 830 |
|
0 |
|9 186673
|a Τραμ - Λογοτεχνία (Εγνατία)
|
| 942 |
|
|
|2 ddc
|c BKN
|
| 998 |
|
|
|c ΜΠΟΥΡΑΣ
|d 2022-09
|